000 00837nam a2200229Ia 4500
999 _c31406
_d31406
003 GCL
005 20240530102322.0
008 140319s9999 xx 000 0 ara d
040 _aGCL /
_cGCL
082 0 4 _a766.33/
_bط ت
100 0 _aطه اسماعيل
245 1 0 _aكرة القدم بين النظرية والتطبيق :
_bالاعداد البدنى فى كرة القدم /
_cطه اسماعيل، عمرو ابوالمجد، ابراهيم شعلان
260 _a[S.N] :
_bدار الفكر العربى ،
_c1989
300 _a279
490 _aكرة القدم بين النظرية والتبيطيق
_v0
650 0 4 _aتدريب
650 0 4 _aالالعاب الرياضية
650 0 4 _aكرة القدم
700 0 _aعمرو ابوالمجد
700 0 _aابراهيم شعلان
942 _2ddc
_cBK